1344 1497 1050 1810 1897 1618 1738 1412 1922 1808 1665 1083 1925 1813 1694 1875 1700 1160 1791 1186 1625 1214 1450 1646 1830 1673 1410 1637 1514 1613 1938 1245 1859 1387 1375 1336 1378 1363 1177 1199 1463 1501 1628 1206 1588 1349 1307 1162 1000 1816 1123 1375 1702 1329 1748 1886 1401 1082 1525 1171 1108 1640 1115 1581 1352 1491 1548 1977 1604 1128 1836 1561 1401 1266 1933 1039 1959 1455 1481 1189 1433 1308 1546 1230 1591 1502 1373 1664 1707 1701 1368 1679 1420 1401 1170 1735 1271 1584 1329 BCNSPRNW ULIB Ver.6.0+V

เปลี่ยนเป็นภาษาไทย

Change to English
 แสดงรายละเอียดบรรณานุกรม
  กลับหน้าหลัก

Brief Record : Get Marc (ISO 2709) : E-mail record : QR code < ปิดหน้าต่าง
LEADER : 00000nam 2200000uu 4500
001    13399111805
003     ULIB
008    110627s2551||||th 000 0 tha d
020    9789741002306
090    นว.^bต113จ 2551
100 0  แสตมป์เบอรี่
245 00 Ze-Guys แก๊งหล่อวายร้ายกับยัยจำเลยน่ารัก/^cแสตมป์เบอรี่
250    พิมพ์ครั้งที่ 1
260    กรุงเทพฯ :^bแจ่มใส,^c2551
300    213 หน้า
945    ^p159^l0^i024473
995    ทศพร
999 ^a ใช้งานได้ทุกระบบ
รายการนี้ยังไม่มีแท็ก
คุณยังไม่ได้ล็อกอิน คุณสามารถมีกิจกรรมร่วมกับเว็บไซต์ได้ แต่ต้องล็อกอินก่อน ::
  ล็อกอิน

รายการสื่อสารสนเทศ

ลำดับที่ ประเภท เลขเรียก/บาร์โค้ด สถานที่ สถานะ
- ไม่พบข้อมูล -

รายการใกล้เคียง
    ผู้แต่ง [แสตมป์เบอรี่]

BibComment


ยังไม่เคยถูกคอมเมนท์

คอมเมนท์ทรัพยากรรายการนี้
  คอมเมนท์: ZeGuys แก๊งหล่อวา..


 Copyright 2026. Bcnsprnw @Library